| 000 | 00635nam a22001937a 4500 | ||
|---|---|---|---|
| 005 | 20251108165816.0 | ||
| 008 | 250721s1982 xx 000 0 ara d | ||
| 082 | 1 | 4 | _aط/540/بول |
| 100 | 1 |
_aبول، جون _eمؤلف |
|
| 245 | 1 | 0 |
_aالكيمياء الميسرة : _bمبادئ و إختبارات / |
| 264 | 1 |
_aبيروت : _bمكتبة لبنان، _c1982. |
|
| 300 | _a51ص. | ||
| 490 | 0 | _aسلسلة العلوم للناشئيين ؛ 5 | |
| 650 | 1 | 7 | _aالكيمياء |
| 653 | _aناشاون كبار (15-18) سنه | ||
| 700 | 1 |
_aالخطيب، أحمد شفيق _eترجمة |
|
| 942 |
_2ddc _cBK |
||
| 999 |
_c31839 _d31839 |
||